00213nam a2200073Ia 4500008004100000020000600041100002000047245007200067211105s9999 xx 000 0 und d a" a MARAIS, Hein  0aSouth Africa pushed to the limit : the political economy of change